| 000 | 00891cab a2200277 4500 | ||
|---|---|---|---|
| 001 | WB3205-16 | ||
| 008 | 090401t1996 xxu||||| |||| 00| 0 eng d | ||
| 035 | _a(Sirsi) u14086 | ||
| 041 | _aeng | ||
| 245 | _aLondon office glut | ||
| 260 | _c1996 | ||
| 350 | _a0 | ||
| 490 |
_aProperty Week _v54(5) 1 February 1996, 11(1) |
||
| 520 | _aSummarises a report from London Property Research, IPD and DTZ on the London office market, with concern expressed on the oversupply of office space. | ||
| 650 | _aCENTRAL LONDON | ||
| 650 | _aFUTURE | ||
| 650 | _aLONDON OFFICES REVIEW PANEL | ||
| 650 | _aLONDON | ||
| 650 | _aPROPERTY-COMMERCIAL PROPERTY-OFFICE PROPERTY-OFFICE PROPERTY MARKET | ||
| 650 | _aOFFICE SPACE | ||
| 650 | _aOVERSUPPLY | ||
| 650 | _aSUPPLY AND DEMAND | ||
| 690 | _aPROPERTY-COMMERCIAL PROPERTY-COMMERCIAL PROPERTY MARKET | ||
| 942 | _n0 | ||
| 948 | _c04/03/1997 | ||
| 999 |
_c9135 _d9135 |
||